The merchant of Venice (Record no. 7376)

MARC details
000 -LEADER
fixed length control field 00495cam a2200205ua 4500
008 - FIXED-LENGTH DATA ELEMENTS--GENERAL INFORMATION
fixed length control field 150113n ii |||gr||||Z||||||eng
020 ## - INTERNATIONAL STANDARD BOOK NUMBER
International Standard Book Number 0416475000
040 ## - CATALOGING SOURCE
Transcribing agency MAIN
041 ## - LANGUAGE CODE
-- eng
082 ## - DEWEY DECIMAL CLASSIFICATION NUMBER
Classification number 822.33
100 ## - MAIN ENTRY--PERSONAL NAME
Personal name Brown, J. R.,
Relator term
245 1# - TITLE STATEMENT
Title The merchant of Venice
Statement of responsibility, etc. Edited by John Russell Brown
250 ## - EDITION STATEMENT
Edition statement 1st.
260 ## - PUBLICATION, DISTRIBUTION, ETC.
Place of publication, distribution, etc. London:
Name of publisher, distributor, etc. Routledge,
Date of publication, distribution, etc. 1985.
300 ## - PHYSICAL DESCRIPTION
Extent lviii,174p.
942 ## - ADDED ENTRY ELEMENTS (KOHA)
Koha item type Books
653 ## - INDEX TERM--UNCONTROLLED
Uncontrolled term English drama
653 ## - INDEX TERM--UNCONTROLLED
Uncontrolled term Shakespeare drama
Holdings
Withdrawn status Lost status Damaged status Not for loan Home library Current library Shelving location Date acquired Total Checkouts Full call number Barcode Date last seen Copy number Price effective from Koha item type
        Central Library, Naharkatiya College Central Library, Naharkatiya College General Stacks 19/09/2020   822.33 | THE 4486 19/09/2020 1 19/09/2020 Books

Naharkatiya College © 2020. All rights reserved.

Powered By